000 01057cab a2200193 4500
001 ##L133680
008 060601n2006 000 0 eng u
035 _a(Sirsi) u133680
041 0 _aeng
245 0 0 _aGlen Courtney v Corp Limited
260 _c2006
520 _a[2006] EWCA Civ 518, 1 March 2006. Examines compliance with the Law of Property (Miscellaneous Provisions) Act 1989 s2, of a contract to lend bridging funds for the purchase of property. A lender (Corp) appealed against a county court judgment regarding their liability for the borrower's inability to purchase the properties when the contract was not fulfilled. Corp argued that the contract did not comply with statute. "Held": Appeal dismissed.
590 _aIKA060606
650 2 4 _aCOURTNEY V CORP LTD
650 2 4 _aLAW OF PROPERTY (MISCELLANEOUS PROVISIONS) ACT 1989 S2
690 _aPROPERTY-PROPERTY FINANCE AND INVESTMENT-SECURITISATION
856 4 0 _uhttps://www.bailii.org/ew/cases/EWCA/Civ/2006/518.html
_zView the item free of charge at www.bailii.org...
942 _n0
999 _c77151
_d77151